|
|
|
|
| LEADER |
00000cam a2200000 a 4500 |
| 001 |
vtls011719190 |
| 003 |
SK-MaSNL |
| 005 |
20260425233502.0 |
| 008 |
240318s2016 xo cl f f 001 0 slo |
| 015 |
|
|
|a SNBA2017/12
|
| 020 |
|
|
|a 9788081330605
|q (brožované)
|
| 035 |
|
|
|a urn:nbn:sk:snk-am00e0k6
|
| 035 |
|
|
|a urn:nbn:sk:snk-am3iamg
|
| 035 |
|
|
|a 6AEC1808-10E1-46AF-AAA1-9A8A1CAEDCCB
|
| 040 |
|
|
|a SNK
|b slo
|c SNK
|e AACR2
|
| 041 |
0 |
|
|a slo
|
| 044 |
|
|
|a xo
|c SK
|
| 072 |
|
7 |
|a 37
|x Výchova a vzdelávanie
|2 konspekt
|
| 080 |
|
|
|a 37.017.4
|2 2011
|
| 080 |
|
|
|a 373.5.016
|2 2011
|
| 080 |
|
|
|a 37.091.274
|2 2011
|
| 080 |
|
|
|a 159.9
|2 2011
|
| 080 |
|
|
|a 316
|2 2011
|
| 080 |
|
|
|a 33
|2 2011
|
| 080 |
|
|
|a 34
|2 2011
|
| 080 |
|
|
|a 321
|2 2011
|
| 080 |
|
|
|a 101
|2 2011
|
| 080 |
|
|
|a (035)
|2 2011
|
| 100 |
1 |
|
|a Dřízová, Elena,
|d 1954-
|4 aut
|9 250216
|
| 245 |
1 |
0 |
|a Občianska náuka
|b pomôcka pre maturantov a uchádzačov o štúdium na vysokých školách
|c Elena Dřízová a kolektív
|
| 260 |
|
|
|a Nitra
|b Enigma
|c 2016
|
| 300 |
|
|
|a 375 s.
|b grafy, ilustr., portréty
|c 24 cm
|
| 490 |
1 |
|
|a Maturita
|
| 500 |
|
|
|a Krátky filozofický slovník
|
| 500 |
|
|
|a Na obálke: nové vydanie
|
| 504 |
|
|
|a Bibliogr.: s. 370 ; register
|
| 650 |
0 |
7 |
|a učivo stredných škôl
|2 SNKPH
|9 65982
|
| 650 |
0 |
7 |
|a maturitné skúšky
|2 SNKPH
|9 66554
|
| 650 |
0 |
7 |
|a psychológia
|2 SNKPH
|9 807
|
| 650 |
0 |
7 |
|a sociológia
|2 SNKPH
|9 1010
|
| 650 |
0 |
7 |
|a ekonómia
|2 SNKPH
|9 788
|
| 650 |
0 |
7 |
|a právo
|2 SNKPH
|9 976
|
| 650 |
0 |
7 |
|a politológia
|2 SNKPH
|9 4684
|
| 650 |
0 |
7 |
|a filozofia
|2 SNKPH
|9 793
|
| 650 |
0 |
7 |
|a Civics
|2 SNKPHeng
|9 331339
|
| 650 |
0 |
7 |
|a Secondary school curriculum
|2 SNKPHeng
|9 302204
|
| 650 |
0 |
7 |
|a High school equivalency examinations
|2 SNKPHeng
|9 311553
|
| 650 |
0 |
7 |
|a Psychology
|2 SNKPHeng
|9 265291
|
| 650 |
0 |
7 |
|a Sociology
|2 SNKPHeng
|9 265226
|
| 650 |
0 |
7 |
|a Economics
|2 SNKPHeng
|9 265310
|
| 650 |
0 |
7 |
|a Law
|2 SNKPHeng
|9 265417
|
| 650 |
0 |
7 |
|a Political science
|2 SNKPHeng
|9 265833
|
| 650 |
0 |
7 |
|a Philosophy
|2 SNKPHeng
|9 266492
|
| 650 |
0 |
7 |
|a náuka o spoločnosti
|2 SNKPH
|9 67462
|
| 655 |
|
7 |
|a príručky
|2 SNKPH
|9 74364
|
| 655 |
|
7 |
|a Handbooks, manuals, etc.
|2 SNKPHeng
|9 90964
|
| 830 |
|
0 |
|a Maturita
|9 326154
|
| 852 |
|
|
|a Štátna vedecká knižnica v Banskej Bystrici
|
| 919 |
|
|
|a 978-80-8133-060-5
|
| 958 |
|
|
|a NB
|
| 958 |
|
|
|a SP
|
| 999 |
|
|
|c 767326
|d 769256
|
| 952 |
|
|
|a SNK
|b SNK
|y PREZ
|7 0
|p 17A1304744
|o snkSC 177095
|i snk2017/26300
|8 0
|0 0
|1 0
|4 0
|d 2017-11-28
|f 1
|l 0
|r 2025-09-18 00:00:00
|w 2026-02-24
|
| 952 |
|
|
|a SNK
|b SNK
|y VYP
|7 0
|p 17A1304745
|o snkSC 177095 D1
|i snk2017/26301
|8 0
|0 0
|1 0
|4 0
|d 2017-11-28
|l 0
|r 2026-02-24 00:23:47
|w 2026-02-24
|